000 00227nam a22000857a 4500
008 170613b xxu||||| |||| 00| 0 eng d
100 _93375
_aAggarwal. K
245 _aEnglish Course with activities
260 _aNew delhi
_bParchi
_c2010
999 _c6714
_d6714